000 00274nam a2200097Ia 4500
082 _aJ 793.7 BARR
245 0 _aTricks & pranks to fool your friends
100 _a BARRY, Sheila Anne New York, 2003
_994824
942 _cBK
008 210817s9999 xx 000 0 und d
999 _c389538
_d389537